000 00535nam a2200181Ia 4500
008 090123s9999 xx 000 0 und d
082 _b18317
_a891.463/कर्णिक
100 _aकर्णिक हेमन
245 _aदि किंग
250 _a1
260 _bश्रध्दा प्रकाशन
_c1990
300 _a175
600 _aकर्णिक हेमन
630 _aदि किंग
700 _aकर्णिक हेमन
730 _aदि किंग
942 _cBOOK
999 _c56380
_d56380